000 00273nam a2200109Ia 4500
008 240521s9999 xx 000 0 und d
041 _aeng
100 _aSYMES MICHAEL
245 _aTHE ENGLISH ROCOCO GARDEN
260 _bSIRLSAAC PITMAN & SONS.LTD,LONDON
300 _a80
999 _c1161925
_d1161925